| 000 | 00521nam a22001817a 4500 | ||
|---|---|---|---|
| 005 | 20251108173426.0 | ||
| 008 | 250721s2006 xx 000 0 ara d | ||
| 082 | 1 | 4 | _a956.05/خضر |
| 100 | 1 | _aالخضري، محمد | |
| 245 | 1 | 0 | _aالدولة العباسية / |
| 250 | _aط2 | ||
| 264 | 1 |
_aالمنصورة : _bمكتبة الإيمان، _c2006. |
|
| 300 | _a468ص. | ||
| 650 | 1 | 7 | _aالدولة العباسية1258-750 |
| 650 | 1 | 7 | _aالتاريخ الاسلامي |
| 942 |
_2ddc _cBK |
||
| 999 |
_c103605 _d103605 |
||